Лексико-стилістичний аналіз газетної мови (на основі "Le Monde", грудень 2011 квітень 2012) (Запис № 284986)

МАРК-запис
000 -LEADER
fixed length control field 01456nam a22001577a 4500
041 ## - LANGUAGE CODE
Language code of text/sound track or separate title ukr
080 ## - UNIVERSAL DECIMAL CLASSIFICATION NUMBER
Universal Decimal Classification number 09
090 ## - LOCALLY ASSIGNED LC-TYPE CALL NUMBER (OCLC); LOCAL CALL NUMBER (OCLC)
Local cutter number (OCLC) ; Book number/undivided call number, CALL (RLIN) АЛЕ
100 ## - MAIN ENTRY--PERSONAL NAME
Personal name Алексєєнко І. Г.
245 ## - TITLE STATEMENT
Title Лексико-стилістичний аналіз газетної мови (на основі "Le Monde", грудень 2011 квітень 2012)
260 ## - PUBLICATION, DISTRIBUTION, ETC. (IMPRINT)
Place of publication, distribution, etc Острог
Name of publisher, distributor, etc КАФ
Date of publication, distribution, etc 2012
300 ## - PHYSICAL DESCRIPTION
Extent 48
520 ## - SUMMARY, ETC.
Summary, etc РОЗДІЛ 1 ФУНКЦІОНАЛЬНА СПРЯМОВАНІСТЬ ДРУКОВАНИХ ЗМІ ФРАНЦІЇ<br/>1.1 Функції преси<br/>1.2 Комунікативно прагматичний аспект дослідження тестів інтервю в французькій пресі<br/>1.3 Лексичні маркери газетного стилю<br/>1.4 Стилістичні маркери газетного тексту<br/>РОЗДІЛ 2 ЛЕКСИКО-СТИЛІСТИЧНІ ОСОБЛИВОСТІ У ТЕКСТАХ ГАЗЕТИ "Le Monde"<br/>2.1 Стилістичний аналіз публіцистичного тексту на основі газети "Le Monde"<br/>2.1.1 Стилістичні засоби інтервю в газеті "Le Monde"<br/>2.2 Лексичний аналіз публіцистичного тексту на основі газети "Le Monde"<br/>2.2.1 Лексичні засоби інтервю в газеті "Le Monde"
-- преса, газета,
650 ## - SUBJECT ADDED ENTRY--TOPICAL TERM
Topical term or geographic name as entry element Research Papers
942 ## - ADDED ENTRY ELEMENTS (KOHA)
Koha item type Книги
Фонди
Withdrawn status Lost status Source of classification or shelving scheme Damaged status Not for loan Home library Current library Date acquired Source of acquisition Cost, normal purchase price Total Checkouts Full call number Barcode Date last seen Price effective from Koha item type
    Universal Decimal Classification     ВІЛ - Відділ іноземн. літератури НБ ВІЛ - Відділ іноземн. літератури НБ 18/09/2012 Акт №5 1.00   09 215004 10/11/2021 18/09/2012 Книги